00492nam a2200193 a 4500001001300000003000900013005001700022008004100039020001000080082001300090100002400103245002000127260003900147300000900186500003500195505002400230650002000254700002400274nice12345678IN_TiNIC20260116013403.0050524s1987 dela grp 000 0 eng  ac51000a823bMAS aMasroor, Mehr Nigar aShadows of Time aDelhibChanakya Publicationsc1987 a283p aincludes index and biblioraphy2 areference and notes aEnglish-Fiction1 aMasroor, Mehr Nigar